Uttar Pradesh: socio-cultural tables (Record no. 488473)

000 -LEADER
fixed length control field 00590cam a22001457a 4500
008 - FIXED-LENGTH DATA ELEMENTS--GENERAL INFORMATION
fixed length control field 180718b-- xxu||||| |||| 00| 0 eng d
082 ## - DEWEY DECIMAL CLASSIFICATION NUMBER
Classification number A81x54 91/25/PT4A/C
100 ## - MAIN ENTRY--PERSONAL NAME
Personal name Census of India 1991
245 ## - TITLE STATEMENT
Title Uttar Pradesh: socio-cultural tables
260 ## - PUBLICATION, DISTRIBUTION, ETC.
Place of publication, distribution, etc. Delhi:
Name of publisher, distributor, etc. The Controller of Publications
Date of publication, distribution, etc. --
300 ## - PHYSICAL DESCRIPTION
Extent 2vols.
440 ## - SERIES STATEMENT/ADDED ENTRY--TITLE
Title Census of India 1991. Series-25, Uttar Pradesh. Part IV A - C series
500 ## - GENERAL NOTE
General note Contents: v.1. 1998. 713+p. Tables C-1, C-2 and C-2 (Part A);v.2. 1998. 679+p. Tables C-3(A), C-3(B), C-4, C-5 and C-6
650 ## - SUBJECT ADDED ENTRY--TOPICAL TERM
Topical term or geographic name entry element Uttar Pradesh - Social change - Census
Holdings
Withdrawn status Lost status Damaged status Not for loan Permanent Location Current Location Date acquired Full call number Barcode Date last seen Price effective from Koha item type
        Indian Institute of Public Administration Indian Institute of Public Administration 2018-08-04 A81x54 91/25/PT4A/C G19582 2018-08-04 2018-08-04 G
        Indian Institute of Public Administration Indian Institute of Public Administration 2018-08-04 A81x54 91/25/PT4A/C G19581 2018-08-04 2018-08-04 G

Powered by Koha